000 00458cam a22001457a 4500
008 180718b1980 xxu||||| |||| 00| 0 eng d
082 _aT112 C684
245 _aIncome distribution: the limits to redistribution
_cedited by David Collard, Richard Lecomber and Marting Slater
260 _aBristol
_bJohn Wright
_c1980
300 _a267p.
650 _aIncome distribution
700 _aSlater,Marting
700 _aLecomber,Richard
700 _aCollard,David
999 _c343166
_d343166